One Thing - One Direction - All Lyrics - Statistics

General Stats
  • This quiz has been taken 455 times
  • The average score is 292 of 331
Answer Stats
Answer % Correct
I
98%
(I
98%
you
97%
You
97%
on,
95%
thing
95%
thing)
95%
(Woah,
95%
woah,
95%
woah)
95%
my
94%
one
94%
got
93%
it
93%
That
93%
that
93%
and
92%
And
92%
is
92%
out
92%
out,
92%
(Out
92%
don't,
91%
don't
91%
get
91%
Get
91%
(Get
91%
know
91%
of
91%
So
91%
at
90%
But
90%
head
90%
head,
90%
what
89%
your
89%
I'm
88%
you've
88%
You've
88%
'Cause
86%
‘Cause
86%
instead
86%
me
86%
mind
86%
mind)
86%
need
86%
the
86%
to
85%
be
84%
can't
84%
fall
84%
into
84%
when
84%
You’re
84%
arms
83%
make
83%
heart
82%
now
82%
Now
82%
lookin'
81%
Yeah,
81%
yeah)
81%
all
80%
All
80%
I've
80%
with
79%
dyin'
78%
here
78%
just
78%
sky
77%
cool
76%
tried
75%
playin'
74%
day
73%
ever
73%
kryptonite
73%
night
73%
keep
71%
name
71%
see
71%
breathe
70%
come
70%
frozen
70%
gotta
70%
life
70%
goin'
69%
makin'
69%
Something's
68%
notice
66%
Shot
66%
weak
66%
brave
65%
race
61%
give
59%
walls
57%
climbing
54%
No matching quizzes found
Score Distribution
Percent of People with Each Score
Percentile by Number Answered
Your Score History
You have not taken this quiz